[Event "Pavlodar op"]
[Site "Pavlodar"]
[Date "2017.11.21"]
[Round "1"]
[White "Burmakin, Vladimir"]
[Black "Adilbekova, Erkezhan"]
[Result "1-0"]
[WhiteElo "2519"]
[BlackElo "1928"]
[PlyCount "45"]
[EventDate "2017.11.21"]
[EventType "swiss"]
[EventRounds "9"]
[EventCountry "KAZ"]
[SourceTitle "EXT 2019"]
[Source "ChessBase"]
[SourceDate "2018.10.10"]
[SourceVersion "1"]
[SourceVersionDate "2018.10.10"]
[SourceQuality "1"]

1. Nf3 d5 2. g3 Nf6 3. Bg2 g6 4. c4 c6 5. b3 Bg7 6. Bb2 Nbd7 7. 0-0 0-0 8. Qc2 Re8 9. Nc3 a6 10. Rfc1 e5 11. cxd5 cxd5 12. Nd1 b6 13. Qc7 Qxc7 14. Rxc7 Bf8 15. Rac1 Bd6 16. R7c6 Bf8 17. Nxe5 Nxe5 18. Rxf6 Ng4 19. Bxd5 Ra7 20. Rxb6 Bh6 21. Rb8 Bd7 22. Rxe8+ Bxe8 23. Rc8 1-0